000 01144nam a2200301 i 4500
003 DO-SdBNP
005 20250127135842.0
007 ta
008 230703b2000 dr ||||| |||| 00| 0 spa d
020 _a9993432113
040 _aDO-SdBNP
_bspa
_cBNPHU
_erda
041 _aspa
082 4 _a972.93053
_bW651t 2000
_222
100 1 _aWiese Delgado, Hans Paul,
_d1928-
_eautor
_4aut.
_972198
245 1 0 _aTrujillo amado por muchos, odiado por otros, temidos por todos /
_cHans Paul Wiese Delgado.
264 4 _aSanto Domingo, República Dominicana :
_bEditorial Letra Gráfica,
_c©2000.
300 _a623 páginas ;
_c24 cm.
336 _atexto
_btxt
_2rdacontent
337 _asin mediación
_bn
_2rdamedia
338 _avolumen
_bnc
_2rdacarrier
500 _aIncluye datos biográficos del autor en las solapas
590 _aInventariado, 2023/BT
600 1 4 _aTrujillo Molina, Rafael Leónidas,
_d 1891-1961
_976764
650 4 _aIndustria azucarera
_zRepública Dominicana
_xHistoria
_ySiglo XX
_98339
651 4 _aRepública Dominicana
_xHistoria
_y1930-1961
_91301
910 _aBtavárez/Validado. Contol de calidad MFF
942 _2ddc
_cLBS1
999 _c54049
_d54049